[Event "ch-SRB Women 2012"]
[Site "Kac SRB"]
[Date "2012.03.23"]
[Round "2.4"]
[White "Eric,J"]
[Black "Chelushkina,I"]
[Result "1/2-1/2"]
[WhiteElo "2243"]
[BlackElo "2263"]

1.e4 e6 2.d4 d5 3.Nc3 Nf6 4.e5 Nfd7 5.f4 c5 6.Nf3 Nc6 7.Be3 a6 8.Qd2 b5 9.a3 g5
10.fxg5 cxd4 11.Nxd4 Ncxe5 12.Be2 Bb7 13.O-O Bg7 14.Bh5 O-O 15.Qf2 Ng6 16.Nce2 Rc8
17.c3 Nde5 18.Ng3 Nc4 19.Bc1 Qb6 20.Be2 f6 21.Bxc4 fxg5 22.Qe3 dxc4 23.Qxe6+ Qxe6
24.Nxe6 Rxf1+ 25.Kxf1 h6 26.Nf5 Bf8 27.Kg1 Kh7 28.Be3 Bd5 29.Nxf8+ Rxf8 30.Rf1 Bxg2
31.Rd1 Rxf5 32.Rd7+ Kg8 33.Kxg2 Nh4+ 34.Kg1 a5 35.Rd6 Kg7 36.Bf2 Nf3+ 37.Kg2 Nxh2
38.Bb6 Ng4 39.Bxa5 Ne3+ 40.Kg3 h5 41.Bb6 h4+ 42.Kh2 Rf2+ 43.Kg1 Rg2+ 44.Kh1 Rg3
45.Bxe3 Rxe3 46.Rd5 Kg6 47.Rxb5 Kh5 48.Rc5 Re2 49.Rxc4 Rxb2 50.a4 Ra2 51.Rb4 h3
52.c4 g4 53.c5 Rc2 54.a5 Rxc5 55.Ra4 Rc1+ 56.Kh2 Rc2+ 57.Kh1 Kh4 58.a6 h2
59.a7 Kh3 60.Ra1 g3 61.a8=Q g2+ 62.Qxg2+ Rxg2 63.Ra3+ Rg3 64.Rxg3+ Kxg3  1/2-1/2

[Event "ch-Urals Men 2012"]
[Site "Satka RUS"]
[Date "2012.03.25"]
[Round "2"]
[White "Postnikov,D"]
[Black "Mukhametnurov,Valery"]
[Result "1-0"]
[WhiteElo "2141"]
[BlackElo "1930"]

1.e4 e6 2.d4 d5 3.Nc3 Nf6 4.e5 Nfd7 5.f4 c5 6.Nf3 Nc6 7.Be3 Qb6 8.Na4 Qa5+
9.c3 cxd4 10.b4 Qc7 11.Nxd4 a6 12.Rc1 b5 13.Nb2 Nb6 14.Bd3 Nc4 15.Nxc4 dxc4
16.Be4 Bb7 17.Qf3 Nxd4 18.Bxd4 Bxe4 19.Qxe4 Rd8 20.O-O Be7 21.f5 exf5 22.Rxf5 Qd7
23.Rcf1 O-O 24.a3 Qe6 25.R1f3 g6 26.R5f4 Rde8 27.Rg4 Bd6 28.Re3 Be7 29.Qf4 Kg7
30.h4 h5 31.Rgg3 Bd8 32.Kh2 Bb6 33.Qf6+  1-0

[Event "14th WGM Rector Cup"]
[Site "Kharkiv UKR"]
[Date "2012.03.28"]
[Round "3"]
[White "Shapoval,Galina"]
[Black "Romanova,I"]
[Result "1-0"]
[WhiteElo "2183"]
[BlackElo "2260"]

1.e4 e6 2.d4 d5 3.Nc3 Nf6 4.e5 Nfd7 5.f4 c5 6.Nf3 a6 7.Be3 Qb6 8.a3 Nc6 9.Be2 cxd4
10.Nxd4 Bc5 11.Na4 Qa5+ 12.c3 Ba7 13.b4 Qc7 14.Qd2 O-O 15.O-O Re8 16.Kh1 b5
17.Nb2 f6 18.Nd3 Ncxe5 19.fxe5 fxe5 20.Nb3 Bb8 21.Ndc5 Nf6 22.Bf2 e4 23.Bg3 Qe7
24.Bxb8 Rxb8 25.Nd4 Rb6 26.Qg5 e5 27.Nf5 Bxf5 28.Qxf5 g6 29.Qf2 Qd6 30.Rad1 Rf8
31.Qh4 Kg7 32.Bg4 Qe7 33.Nd7 Rd6 34.Nxf8 Qxf8 35.Qg5 Qe7 36.Be2 d4 37.cxd4 exd4
38.Rfe1 Rd5 39.Qh4 Qd6 40.Qg3 Qxg3 41.hxg3 d3 42.Bf3 Rd4 43.Kg1 h5 44.Re3 d2
45.Re2 exf3 46.gxf3 Rd3 47.Kf2 Rxa3 48.Rdxd2 g5 49.Re3 Ra1 50.Re7+ Kg6 51.Rd6 Ra2+
52.Re2 Rxe2+ 53.Kxe2 Kf5 54.Rxa6 Nd5 55.Ra5 Ke6 56.Ra6+ Ke5 57.Rg6 Kf5 58.Rh6 Nf6
59.Rh8 Ke6 60.Kd3 Kd6 61.Kd4 g4 62.fxg4 hxg4 63.Rh6 Ke7  1-0

[Event "European Senior Teams 2012"]
[Site "Rogaska Slatina SLO"]
[Date "2012.03.29"]
[Round "3.23"]
[White "Stahle,Sten"]
[Black "Rantanen,Veikko"]
[Result "0-1"]
[WhiteElo "1735"]
[BlackElo "1934"]

1.e4 e6 2.d4 d5 3.Nc3 Nf6 4.e5 Nfd7 5.Nce2 c5 6.c3 Nc6 7.f4 Qb6 8.Nf3 Be7
9.h4 cxd4 10.cxd4 a6 11.a3 f6 12.Rh3 Nf8 13.h5 Bd7 14.Nc3 Na5 15.b4 Nc4 16.Bxc4 dxc4
17.Na4 Bxa4 18.Qxa4+ Qb5 19.Qc2 Qd5 20.Be3 f5 21.O-O-O b5 22.h6 g6 23.Nh2 a5
24.bxa5 Bxa3+ 25.Kb1 Rxa5 26.Bc1 Bxc1 27.Rxc1 Nd7 28.Rd1 Kf7 29.Nf3 Rha8
30.Qc3 Qe4+ 31.Kb2 Ra2+ 32.Kc1 Ra1+ 33.Qxa1 Rxa1+ 34.Kb2 Rxd1 35.Ng5+ Ke7
36.Nxe4 fxe4 37.g4 Rxd4 38.f5 exf5 39.gxf5 Nxe5 40.fxg6 Nxg6 41.Rg3 Kf6  0-1

[Event "TCh-NED Meesterklasse 2011-12"]
[Site "Netherlands NED"]
[Date "2012.03.31"]
[Round "8.1"]
[White "Kuipers,S"]
[Black "Clijsen,M"]
[Result "0-1"]
[WhiteElo "2381"]
[BlackElo "2179"]

1.e4 e6 2.d4 d5 3.Nc3 Nf6 4.e5 Nfd7 5.f4 c5 6.Nf3 Nc6 7.Be3 cxd4 8.Nxd4 Bc5
9.Qd2 a6 10.O-O-O O-O 11.Kb1 Nxd4 12.Bxd4 Qc7 13.h4 b5 14.h5 b4 15.Na4 Bxd4
16.Qxd4 a5 17.Bb5 Rb8 18.Bd3 Bb7 19.Rhe1 Bc6 20.Nc5 Nxc5 21.Qxc5 Rfc8 22.f5 Bb5
23.Qf2 Bxd3 24.Rxd3 Qc5 25.Qd2 exf5 26.h6 g6 27.Rxd5 Qb6 28.e6 fxe6 29.Rd6 Qc5
30.Rdxe6 Rd8 31.Qg5 Rbc8 32.Rxg6+  0-1

[Event "TCh-NED Meesterklasse 2011-12"]
[Site "Netherlands NED"]
[Date "2012.03.31"]
[Round "8.9"]
[White "Van Kerkhof,D"]
[Black "Paulet,I"]
[Result "0-1"]
[WhiteElo "2279"]
[BlackElo "2236"]

1.e4 e6 2.d4 d5 3.Nc3 Nf6 4.e5 Nfd7 5.f4 c5 6.Nf3 Nc6 7.Be3 a6 8.Qd2 b5 9.dxc5 Bxc5
10.Bxc5 Nxc5 11.Qf2 Qb6 12.Bd3 b4 13.Ne2 a5 14.O-O Ba6 15.f5 exf5 16.Nf4 Ne7
17.Kh1 O-O 18.Rae1 Qc7 19.Nd4 Ne4 20.Qh4 Qxe5 21.Nf3 Qd6 22.Nh5 Ng6 23.Qh3 Bc8
24.g3 d4 25.Kg1 Qd5 26.Nf4 Nxf4 27.gxf4 Bb7 28.Rxe4 fxe4 29.Ng5 h6 30.Bxe4 Qb5
31.Bd3 Qc5 32.f5 Rfe8 33.Qh5 Qd5 34.Rf3 Re3 35.f6 Qxg5+  0-1

[Event "European Senior Teams 2012"]
[Site "Rogaska Slatina SLO"]
[Date "2012.03.31"]
[Round "5.23"]
[White "Stahle,Sten"]
[Black "Henrichsen,Erland"]
[Result "1/2-1/2"]
[WhiteElo "1735"]
[BlackElo "1978"]

1.e4 e6 2.d4 d5 3.Nc3 Nf6 4.e5 Nfd7 5.Nce2 c5 6.c3 Nc6 7.f4 Be7 8.Nf3 Qb6
9.h4 cxd4 10.cxd4 f6 11.Rh3 O-O 12.a3 fxe5 13.fxe5 Na5 14.b4 Nc4 15.Nc3 Qc7
16.Qd3 a5 17.Ng5 Bxg5 18.hxg5 g6 19.b5 a4 20.Qg3 Rf7 21.Bf4 Ndb6 22.Be2 Qe7
23.Bxc4 Nxc4 24.Ne2 Bd7 25.Rb1 Qe8 26.Qc3 Bxb5 27.Qb4 Ba6 28.Rf3 Qd7 29.Nc3 Raf8
30.Ne2 Qc6 31.Qc5 Qd7 32.Qb4 Rc8 33.Rc3 Qe8 34.g3 Rfc7 35.Nc1 Qf7 36.Nd3 b6
37.Qxa4 Ra8 38.Qb3 Qf5 39.Nf2 Rac8 40.Rbc1 Qf7 41.Ng4 Qe7 42.Nf6+ Kg7 43.Kf2 Ra7
44.Rh1 Rh8 45.Bc1 Rc7 46.g4 Kf8 47.Rch3 h5 48.gxh5 Nxe5 49.dxe5 Qc5+ 50.Kg2 d4
51.Rf3 Ke7 52.Ne4 Qc6 53.Qb4+ Ke8 54.Nd6+ Kd8 55.Qxd4 Ke7 56.Kg3 Rf8 57.Rxf8 Kxf8
58.Qf4+ Kg8 59.Re1 Bd3 60.Qf6 Qc3 61.Qxe6+ Kh7 62.hxg6+ Bxg6+ 63.Re3 Qxc1
64.Qh3+ Kg8 65.Kf4 Qd2 66.Qe6+ Kh7 67.Qh3+ Kg8 68.Qe6+  1/2-1/2

[Event "TCh-BEL 2011-12"]
[Site "Belgium BEL"]
[Date "2012.04.01"]
[Round "11.3"]
[White "Laurent,B"]
[Black "Tan,Mat"]
[Result "0-1"]
[WhiteElo "2372"]
[BlackElo "2416"]

1.e4 e6 2.d4 d5 3.Nc3 Nf6 4.e5 Nfd7 5.f4 c5 6.Nf3 Nc6 7.Be3 cxd4 8.Nxd4 Bc5
9.Qd2 O-O 10.O-O-O a6 11.Qf2 Bxd4 12.Bxd4 b5 13.Be3 b4 14.Na4 a5 15.g4 Ba6
16.h4 Bxf1 17.Rhxf1 f5 18.Qg2 Ne7 19.Nc5 Nxc5 20.Bxc5 Rc8 21.Bd6 Qd7 22.Kb1 Kh8
23.Rd3 Rc4 24.Rg3 Rf7 25.h5 fxg4 26.Bxe7 Qxe7 27.Rxg4 Qf8 28.Qf2 h6 29.b3 Re4
30.Qb6 Rxe5 31.Qxa5 Rxh5 32.Qb6 e5 33.Re1 exf4 34.Qb5 Re7 35.Rxe7 Rh1+  0-1

[Event "TCh-CZE Liga 1 Zapad"]
[Site "Czech Rep CZE"]
[Date "2012.04.01"]
[Round "11.5"]
[White "Hinks Edwards,T"]
[Black "Balacek,T"]
[Result "1-0"]
[WhiteElo "2391"]
[BlackElo "2245"]

1.e4 e6 2.d4 d5 3.Nc3 Nf6 4.e5 Nfd7 5.f4 c5 6.Nf3 Nc6 7.Be3 Be7 8.Qd2 O-O
9.Be2 a6 10.Nd1 cxd4 11.Nxd4 Nc5 12.Nf2 Qc7 13.O-O f6 14.Nxc6 Qxc6 15.exf6 Bxf6
16.Bd4 Bd7 17.Bxf6 Rxf6 18.Ng4 Rff8 19.Ne5 Qb6 20.Qe3 Rac8 21.b3 Na4 22.Qxb6 Nxb6
23.c4 Bc6 24.Rad1 dxc4 25.bxc4 Na4 26.Rd6 Nc5 27.Bg4 Be4 28.g3 Bf5 29.Bf3 Rfd8
30.Rfd1 Rxd6 31.Rxd6 Kf8 32.Kf2 Ke7 33.Rb6 Rc7 34.Ke3 h6 35.Kd4 Bc2 36.Bc6 bxc6
37.Kxc5 Be4 38.Rxa6  1-0

[Event "O2C Doeberl Cup Premier 2012"]
[Site "Canberra AUS"]
[Date "2012.04.05"]
[Round "1.11"]
[White "Karthikeyan,P2"]
[Black "Liu,Yi"]
[Result "1/2-1/2"]
[WhiteElo "2414"]
[BlackElo "2116"]

1.e4 e6 2.d4 d5 3.Nc3 Nf6 4.e5 Nfd7 5.f4 c5 6.Nf3 Nc6 7.Be3 Rb8 8.Qd2 Qa5
9.Be2 b5 10.O-O b4 11.Nd1 Ba6 12.a4 Bxe2 13.Qxe2 cxd4 14.Nxd4 Nxd4 15.Bxd4 Bc5
16.Bxc5 Qxc5+ 17.Kh1 O-O 18.Ne3 Rbc8 19.b3 a5 20.Rad1 f5 21.Rf2 Qe7 22.g4 g6
23.gxf5 gxf5 24.Rg1+ Kh8 25.Rfg2 Qh4 26.Qa6 Qxf4 27.Qxe6 Qxe3 28.Qxd7 Qxe5
29.Rg7 Qe4+ 30.R1g2 Qe1+ 31.Rg1 Qe4+ 32.R1g2 Qe1+ 33.Rg1 Qe4+  1/2-1/2

[Event "O2C Doeberl Cup Premier 2012"]
[Site "Canberra AUS"]
[Date "2012.04.07"]
[Round "5.2"]
[White "Sengupta,D"]
[Black "Rathnakaran,K"]
[Result "0-1"]
[WhiteElo "2572"]
[BlackElo "2410"]

1.e4 e6 2.d4 d5 3.Nc3 Nf6 4.e5 Nfd7 5.Nce2 c5 6.c3 Nc6 7.Nf3 a5 8.a3 a4 9.Nf4 Qa5
10.Qd2 g5 11.Nxg5 cxd4 12.Be2 Ndxe5 13.O-O Bh6 14.h4 f6 15.Bh5+ Ke7 16.Ngh3 dxc3
17.bxc3 Rg8 18.Qc2 Rg7 19.Rd1 Bxf4 20.Nxf4 Bd7 21.Rb1 b6 22.Be2 Rag8 23.h5 d4
24.h6 d3 25.Rxd3 Nxd3 26.Bxd3 Rxg2+ 27.Nxg2 Ne5 28.Be4 f5 29.Bb7 Bc8 30.Bg5+ Rxg5
31.f4 Bxb7 32.fxg5 Nf3+ 33.Kf2 Qc5+ 34.Ne3 Nxg5 35.Rb4 f4 36.Qd3 fxe3+ 37.Qxe3 Ne4+
38.Ke2 Nxc3+  0-1

[Event "TCh-CAT 2012"]
[Site "Catalunya ESP"]
[Date "2012.04.14"]
[Round "10.1"]
[White "Alsina Leal,D"]
[Black "Rakhmanov,Ale"]
[Result "1/2-1/2"]
[WhiteElo "2535"]
[BlackElo "2593"]

1.e4 e6 2.d4 d5 3.Nc3 Nf6 4.e5 Nfd7 5.f4 c5 6.Nf3 Nc6 7.Be3 Be7 8.Qd2 O-O
9.Be2 a6 10.O-O b5 11.a3 Bb7 12.Nd1 Qc7 13.c3 Na5 14.Qe1 Nc4 15.Bd3 f5 16.Kh1 g6
17.Rg1 Kh8 18.g4 cxd4 19.Bxd4 Nc5 20.Bc2 fxg4 21.Rxg4 Ne4 22.Rb1 Rf7 23.Nf2 Raf8
24.Nh3 Rf5 25.Qe2 Qc6 26.Bd3 Rh5 27.Qg2 Bc5 28.Rh4 Ne3 29.Qg1 Rxh4 30.Nxh4 Nf5
31.Nxf5 Rxf5 32.Qe3 Be7 33.Rg1 Qe8 34.Be2 Rf8 35.Rf1 Qf7 36.Ng5 Qf5 37.Nxe4 dxe4
38.h3 h5 39.Kh2 Bd5 40.Qg3 Kh7 41.Be3 Rd8 42.Rd1 Rg8  1/2-1/2

[Event "14th Dubai Open 2012"]
[Site "Dubai UAE"]
[Date "2012.04.21"]
[Round "7.19"]
[White "Kravtsiv,M"]
[Black "Atabayev,Y"]
[Result "1-0"]
[WhiteElo "2588"]
[BlackElo "2404"]

1.e4 e6 2.d4 d5 3.Nc3 Nf6 4.e5 Nfd7 5.f4 c5 6.Nf3 Nc6 7.Be3 Qb6 8.Na4 Qa5+
9.c3 cxd4 10.b4 Nxb4 11.cxb4 Bxb4+ 12.Bd2 Bxd2+ 13.Nxd2 O-O 14.Bd3 b5 15.Nb2 Nb6
16.O-O Nc4 17.Bxh7+ Kxh7 18.Qh5+ Kg8 19.Nf3 f6 20.Nxc4 bxc4 21.Ng5 fxg5 22.fxg5 Bd7
23.g6 Rf5 24.Qh7+ Kf8 25.Qh8+ Ke7 26.Qh4+ Ke8 27.Rxf5 exf5 28.Qh8+ Ke7 29.Qxg7+ Kd8
30.Qf8+ Kc7 31.Qd6+ Kc8 32.g7 Qd8 33.Qc5+ Kb7 34.Rb1+ Ka6 35.g8=Q  1-0

[Event "TCh-HUN 2011-12"]
[Site "Decs HUN"]
[Date "2012.04.22"]
[Round "9"]
[White "Meszaros,T"]
[Black "Sedlak,N"]
[Result "0-1"]
[WhiteElo "2460"]
[BlackElo "2589"]

1.e4 e6 2.d4 d5 3.Nc3 Nf6 4.e5 Nfd7 5.f4 c5 6.Nf3 Nc6 7.Be3 Be7 8.Be2 O-O
9.O-O b6 10.Qd2 f5 11.exf6 Nxf6 12.Kh1 Bd6 13.Nb5 Ne4 14.Qc1 Ba6 15.Nc3 Bxe2
16.Nxe2 Ne7 17.Ng3 Nxg3+ 18.hxg3 Nf5 19.Bf2 Qf6 20.c3 cxd4 21.cxd4 Rac8 22.Qd2 Qg6
23.Kh2 Qh5+ 24.Kg1 Rf6 25.Rac1 Rcf8 26.Ng5 h6 27.Nh3 Qg4 28.Qd1 Rg6 29.Rc6 Rd8
30.Kh2 Nxg3 31.Re1 Nf1+  0-1

[Event "ch-SRB 2012"]
[Site "Vrnjacka Banja SRB"]
[Date "2012.04.23"]
[Round "1"]
[White "Ivanisevic,I"]
[Black "Sedlak,N"]
[Result "1/2-1/2"]
[WhiteElo "2645"]
[BlackElo "2593"]

1.d4 e6 2.e4 d5 3.Nc3 Nf6 4.e5 Nfd7 5.Qg4 c5 6.Nb5 cxd4 7.Nf3 Nc6 8.Bf4 Qa5+
9.Bd2 Qb6 10.Nd6+ Bxd6 11.Qxg7 Bxe5 12.Nxe5 Rf8 13.Nd3 e5 14.Be2 e4 15.O-O Ne7
16.Ne5 Nf5 17.Nxd7 Bxd7  1/2-1/2

[Event "ch-SRB 2012"]
[Site "Vrnjacka Banja SRB"]
[Date "2012.04.25"]
[Round "3"]
[White "Perunovic,Mil"]
[Black "Sedlak,N"]
[Result "1/2-1/2"]
[WhiteElo "2582"]
[BlackElo "2593"]

1.e4 e6 2.d4 d5 3.Nc3 Nf6 4.e5 Nfd7 5.f4 c5 6.Nf3 Nc6 7.Be3 Be7 8.Qd2 O-O
9.Be2 b6 10.Nd1 cxd4 11.Nxd4 Nxd4 12.Bxd4 Nb8 13.O-O Nc6 14.c3 Bd7 15.Ne3 Nxd4
16.cxd4 b5 17.Rf3 Qb6 18.Ng4 f5 19.exf6 Bxf6 20.Nxf6+ Rxf6 21.Rc1 Raf8 22.Rff1 Be8
23.Rc5 Qd6 24.g3 g5 25.fxg5 Rxf1+ 26.Bxf1 e5 27.Qe3 e4 28.Be2 Bd7 29.Rc1 Bh3
30.g4 Qf4 31.Qxf4 Rxf4 32.Rc5 e3 33.Rc3 Bxg4  1/2-1/2

[Event "3rd Royal Residence Cup"]
[Site "Zhovkva UKR"]
[Date "2012.04.25"]
[Round "2"]
[White "Meleshko,V"]
[Black "Leshchyshak,I"]
[Result "1-0"]
[WhiteElo "2308"]
[BlackElo "2137"]

1.e4 e6 2.d4 d5 3.Nc3 Nf6 4.e5 Nfd7 5.f4 c5 6.Nf3 Nc6 7.Be3 a6 8.Qd2 cxd4
9.Nxd4 Bc5 10.O-O-O O-O 11.Qf2 Nxd4 12.Bxd4 Bxd4 13.Qxd4 f6 14.Nxd5 fxe5
15.fxe5 Qg5+ 16.Qe3 Qxe3+ 17.Nxe3 Nxe5 18.Nc4 Ng4 19.Nb6 Rb8 20.Re1 e5 21.Bc4+ Kh8
22.Nxc8 Rbxc8 23.Be6 Nf2 24.Bxc8 Rxc8 25.Rhf1 Nd3+ 26.Kd2 Nxe1 27.Rxe1 Re8
28.Ke3 Kg8 29.Rd1 Re7 30.Ke4 Kf7 31.g4 Kf6 32.h4 Rc7 33.Rd6+ Ke7 34.Rb6 Rc4+
35.Kxe5 Rxg4 36.Rxb7+ Kf8 37.h5 h6 38.Ra7 a5 39.c4 Rxc4 40.Rxa5 Rh4 41.Ke6 Re4+
42.Re5  1-0

[Event "TCh-AUT 2 Ost 2011-12"]
[Site "Bruck AUT"]
[Date "2012.04.28"]
[Round "10"]
[White "Schwarhofer,C"]
[Black "Lipka,J"]
[Result "1/2-1/2"]
[WhiteElo "2257"]
[BlackElo "2443"]

1.e4 e6 2.d4 d5 3.Nc3 Nf6 4.e5 Nfd7 5.f4 c5 6.Nf3 Nc6 7.Be3 Qb6 8.Na4 Qa5+
9.c3 b6 10.Bd2 c4 11.b4 Qa6 12.Nb2 b5 13.a4 bxa4 14.Nxa4 Qb5 15.Be2 a5 16.Nc5 Rb8
17.Nxd7 Bxd7 18.bxa5 Nxa5 19.O-O Be7 20.Bc1 Nb3 21.Ra2 O-O 22.Nd2 Nxc1 23.Qxc1 f6
24.Nf3 f5 25.Qa1 Rb7 26.Bd1 Qb6 27.Bc2 Rfb8  1/2-1/2

[Event "NK Jeugd A 2012"]
[Site "Haarlem NED"]
[Date "2012.04.29"]
[Round "1.7"]
[White "Lentjes,N"]
[Black "Van der Lende,I"]
[Result "0-1"]
[WhiteElo "1946"]
[BlackElo "2152"]

1.e4 e6 2.d4 d5 3.Nc3 Nf6 4.e5 Nfd7 5.f4 c5 6.Nf3 Nc6 7.Be3 cxd4 8.Nxd4 Bc5
9.Qd2 O-O 10.O-O-O Qe7 11.Bb5 Nb6 12.Qf2 Bd7 13.Kb1 Bxd4 14.Bxd4 Nxd4 15.Qxd4 Rfc8
16.f5 Rxc3 17.Qxc3 Bxb5 18.f6 Qd7 19.Qg3 g6 20.Rd4 Rc8 21.Qg5 Qe8 22.h4 Qf8
23.Qc1 h6 24.Rh3 Nc4 25.Rc3 Kh7 26.Rb3 Ba4 27.Rxb7 Bxc2+ 28.Qxc2 Na3+ 29.bxa3 Rxc2  0-1

[Event "NK Jeugd A 2012"]
[Site "Haarlem NED"]
[Date "2012.04.29"]
[Round "2.1"]
[White "Pijpers,A"]
[Black "Van der Lende,I"]
[Result "1-0"]
[WhiteElo "2338"]
[BlackElo "2152"]

1.e4 e6 2.d4 d5 3.Nc3 Nf6 4.e5 Nfd7 5.f4 c5 6.Nf3 Nc6 7.Be3 Be7 8.Qd2 O-O
9.dxc5 Bxc5 10.O-O-O Qa5 11.Bxc5 Nxc5 12.h4 Rd8 13.Qe3 Na4 14.Nxa4 Qxa4 15.a3 Bd7
16.Rh3 Rac8 17.Bd3 b5 18.Rg3 Ne7 19.Qd4 Rc4 20.Bxc4 Nf5 21.Bxb5 Qxb5 22.Qf2 Rb8
23.b3 Nxg3 24.Qxg3 Qc5 25.Kb2 Rc8 26.Nd4 a5 27.Qe3 Bb5 28.g4 a4 29.b4 Qb6
30.h5 Bd7 31.Nf5 Qxe3 32.Nxe3 Bb5 33.Rd4 Kf8 34.g5 Ke7 35.Nd1 Kd7 36.Nc3 Kc6
37.f5 Re8 38.fxe6 fxe6 39.Rf4 g6 40.hxg6 hxg6 41.Rf6 d4 42.Ne4 Kd5 43.Nd6 Rb8
44.Rxg6 Kxe5 45.Nf7+ Kd5 46.Rh6 d3 47.cxd3 Bxd3 48.Rh8 Rxh8 49.Nxh8 Ke5 50.Kc3 Bf1
51.Nf7+ Kf5 52.b5 e5 53.b6 Ba6 54.b7 Bxb7 55.Nd6+ Kxg5 56.Nxb7 Kf4 57.Nc5 e4
58.Nxa4 Kf3 59.Nb2 e3 60.Kd4  1-0

[Event "NK Jeugd A 2012"]
[Site "Haarlem NED"]
[Date "2012.04.29"]
[Round "2.7"]
[White "Van Osch,Mees"]
[Black "Klapwijk,Bram"]
[Result "0-1"]
[WhiteElo "2013"]
[BlackElo "2060"]

1.e4 e6 2.d4 d5 3.Nc3 Nf6 4.e5 Nfd7 5.f4 c5 6.Nf3 Nc6 7.Be3 cxd4 8.Nxd4 Bc5
9.Qd2 O-O 10.O-O-O Nxd4 11.Bxd4 a6 12.g3 Qc7 13.Bg2 Nb6 14.Qf2 Bxd4 15.Qxd4 Bd7
16.h4 Rfc8 17.g4 Na4 18.Rh3 Qa5 19.Nxa4 Rc4 20.Qe3 Qxa4 21.b3 Rxc2+ 22.Kxc2 Qxa2+
23.Kd3 Bb5+ 24.Kd4 Qb2+ 25.Qc3 Qxg2 26.Rf3 Be2 27.Rc1 Rf8 28.Rc2 Qxf3 29.Qxf3 Bxf3
30.g5 Bd1 31.Rc3 b5 32.b4 g6 33.Rd3 Be2 34.Rd2 Bc4 35.Kc5 Rc8+ 36.Kb6 Bf1
37.Rd1 Bg2 38.Rd2 Be4 39.Kxa6 Rc2 40.Rd1 Bf3  0-1

[Event "Historical Melaka Op"]
[Site "Melaka MAS"]
[Date "2012.04.30"]
[Round "9"]
[White "Nolte,R"]
[Black "Rathnakaran,K"]
[Result "1/2-1/2"]
[WhiteElo "2456"]
[BlackElo "2410"]

1.e4 e6 2.d4 d5 3.Nc3 Nf6 4.e5 Nfd7 5.f4 c5 6.Nf3 a6 7.Be3 Nc6 8.Qd2 b5 9.dxc5 Bxc5
10.Bxc5 Nxc5 11.Qf2 Qe7  1/2-1/2

[Event "Ostravsky Konik A"]
[Site "Ostrava CZE"]
[Date "2012.05.02"]
[Round "5.28"]
[White "Zemlicka,V"]
[Black "Kondula,Lukas"]
[Result "0-1"]
[WhiteElo "1998"]
[BlackElo "1912"]

1.e4 e6 2.d4 d5 3.Nc3 Nf6 4.e5 Nfd7 5.f4 c5 6.Nf3 Nc6 7.Be3 cxd4 8.Nxd4 Nxd4
9.Bxd4 a6 10.Qd2 b5 11.a3 b4 12.axb4 Bxb4 13.Be2 O-O 14.O-O Bb7 15.f5 f6
16.fxe6 Nxe5 17.Qe3 Nc6 18.Bb6 Qd6 19.Qh3 Bc8 20.Bd3 g6 21.Qh6 Ne5 22.Bd4 Nxd3
23.Rxf6 Rxf6 24.Bxf6 Qc5+  0-1

[Event "Ostravsky Konik A"]
[Site "Ostrava CZE"]
[Date "2012.05.02"]
[Round "5.26"]
[White "Chromik,T"]
[Black "Dvorak,V"]
[Result "1/2-1/2"]
[WhiteElo "1829"]
[BlackElo "2030"]

1.e4 e6 2.d4 d5 3.Nc3 Nf6 4.e5 Nfd7 5.Nf3 c5 6.dxc5 Nc6 7.Bf4 a6 8.Bd3 Nxc5
9.Qd2 Be7 10.h4 Bd7 11.h5 Qa5 12.a3 Nb4 13.Nd4 Nc6 14.Nf3 b5 15.O-O d4 16.Ne4 Qxd2
17.Nfxd2 Nxd3 18.cxd3 f6 19.Nf3 Kf7 20.Rac1 Rhc8 21.h6 g5 22.exf6 gxf4 23.fxe7 Kxe7
24.Rc5 Rg8 25.Rfc1 Rac8 26.R1c2 Rgf8  1/2-1/2

[Event "NK Jeugd A 2012"]
[Site "Haarlem NED"]
[Date "2012.05.04"]
[Round "7.8"]
[White "De Jongh,Adriaan"]
[Black "Klapwijk,Bram"]
[Result "1/2-1/2"]
[WhiteElo "2197"]
[BlackElo "2060"]

1.e4 e6 2.d4 d5 3.Nc3 Nf6 4.e5 Nfd7 5.f4 c5 6.Nf3 Nc6 7.Be3 cxd4 8.Nxd4 Bc5
9.Qd2 O-O 10.O-O-O a6 11.h4 Nxd4 12.Bxd4 b5 13.Kb1 b4 14.Na4 Bxd4 15.Qxd4 a5
16.h5 Ba6 17.h6 g6 18.Bd3 Qc7 19.Rc1 Rfc8 20.Qf2 Qc6 21.b3 Bb5 22.Bxb5 Qxb5
23.Rh3 Rc6 24.g4 Rac8 25.Rh2 Nb6 26.Nb2 a4 27.Qh4 axb3 28.axb3 Nd7 29.Qe7 Ra6
30.c4 bxc3 31.Rxc3 Qf1+ 32.Kc2 Rxc3+ 33.Kxc3 d4+ 34.Kc2 Rc6+ 35.Nc4 d3+ 36.Kb2 Qxf4
37.Qe8+ Nf8 38.Qxc6 Qxh2+ 39.Ka3 Qxh6 40.Qd6 Qc1+ 41.Kb4 Qe1+ 42.Kc5 Qd1
43.b4 Qxg4 44.Qxd3 Qg1+ 45.Kc6 Qg2+ 46.Kc5 Qb7 47.Qd8 Qd5+ 48.Qxd5 exd5 49.Kxd5 Ne6
50.b5 Nc7+ 51.Kc6 Nxb5 52.Kxb5 h5 53.Kc5 h4 54.Ne3 Kg7 55.Ng4 g5 56.Kd5 Kg6
57.Ke4 h3 58.Nh2 f5+ 59.exf6 Kxf6  1/2-1/2

[Event "Nakhchivan Open 2012"]
[Site "Nakhchivan AZE"]
[Date "2012.05.04"]
[Round "7.7"]
[White "Mammadov,A"]
[Black "Volkov,Sergey1"]
[Result "1-0"]
[WhiteElo "2404"]
[BlackElo "2623"]

1.e4 e6 2.d4 d5 3.Nc3 Nf6 4.e5 Nfd7 5.f4 c5 6.Nf3 Nc6 7.Be3 Be7 8.Qd2 O-O
9.dxc5 Qa5 10.Be2 Rd8 11.Nd4 Bxc5 12.Nb3 Bxe3 13.Qxe3 Qb6 14.Qxb6 axb6 15.Bd3 Nc5
16.Kd2 f6 17.Bb5 d4 18.Ne2 Ne4+ 19.Ke1 fxe5 20.fxe5 Rd5 21.Bxc6 bxc6 22.Nbxd4 c5
23.Nf3 g5 24.Ng3 Ra4 25.b3 Nxg3 26.hxg3 Re4+ 27.Kf2 g4 28.c4 Rd7 29.Rhe1 Bb7
30.Rxe4 Bxe4 31.Ne1 Kf7 32.Ke3 Bf5 33.a4 Kg6 34.Ke2 Be4 35.a5 bxa5 36.Rxa5 Kf5
37.Rxc5 Ra7 38.b4 Ra2+ 39.Ke3 Ra3+ 40.Kf2 Rb3 41.b5 h5 42.Rc8 Kxe5 43.Rd8 Kf6
44.Rd2 Rb4 45.Ke3 Rxc4 46.Rd4 Rc1 47.Rxe4 Rxe1+ 48.Kd3 Rb1 49.Kc4 e5 50.Kc5 Ke6
51.b6 Kd7 52.Rxe5 Rb2 53.Rd5+ Kc8 54.Kc6 Rc2+ 55.Rc5 Rxg2 56.Rxh5 Rc2+ 57.Rc5 Rf2
58.Rg5 Rc2+ 59.Kb5 Rb2+ 60.Kc5 Rc2+ 61.Kd5 Rb2 62.Rg8+ Kd7 63.b7 Rxb7 64.Rg7+ Kc8
65.Rxb7 Kxb7 66.Ke5 Kc7 67.Kf5 Kd7 68.Kxg4 Ke6 69.Kh5 Kf7 70.Kh6 Kg8 71.Kg6 Kh8
72.g4 Kg8 73.g5 Kh8 74.Kf7  1-0

[Event "MMM Open 2012"]
[Site "Krakow POL"]
[Date "2012.05.06"]
[Round "9.11"]
[White "Kolodkin,Daniil"]
[Black "Parol,P"]
[Result "0-1"]
[WhiteElo "1926"]
[BlackElo "1933"]

1.e4 e6 2.d4 d5 3.Nc3 Nf6 4.e5 Nfd7 5.f4 c5 6.Nf3 Nc6 7.Be3 cxd4 8.Nxd4 Bc5
9.Qd2 O-O 10.O-O-O a6 11.g4 Nxd4 12.Bxd4 b5 13.f5 b4 14.Bxc5 Nxc5 15.Ne2 a5
16.Qe3 Ne4 17.Ng3 exf5 18.Nxf5 Re8 19.Bg2 Bxf5 20.gxf5 Rxe5 21.Qf4 Qf6 22.Rhf1 Rc8
23.Bxe4 Rxe4 24.Qf3 Rec4 25.Rf2 a4  0-1

[Event "Vienna Ladies 2012"]
[Site "Vienna AUT"]
[Date "2012.05.07"]
[Round "3.2"]
[White "Osmanodja,F"]
[Black "Batyte,D"]
[Result "1-0"]
[WhiteElo "2160"]
[BlackElo "2124"]

1.e4 e6 2.d4 d5 3.Nc3 Nf6 4.e5 Nfd7 5.f4 c5 6.Nf3 Nc6 7.Be3 Qb6 8.Na4 Qa5+
9.c3 b6 10.Bd2 c4 11.b4 Nxb4 12.cxb4 Bxb4 13.Qc2 Bxd2+ 14.Nxd2 b5 15.Nc3 b4
16.Nce4 O-O 17.Ng5 g6 18.Rb1 Ba6 19.h4 Rfb8 20.h5 b3 21.axb3 cxb3 22.Qc6 Nf8
23.Bxa6 Qb6 24.Qa4 b2 25.Bd3 Qb4 26.Qxb4 Rxb4 27.hxg6 fxg6 28.Bc2 a5 29.Rh3 Rc8
30.Kd1 Rxd4 31.Rxb2 Rxf4 32.Rb7 Rg4 33.Nxh7 Nxh7 34.Rbxh7 Rf8 35.Rh8+ Kf7
36.Rf3+  1-0

[Event "14th Salou Open"]
[Site "Salou ESP"]
[Date "2012.05.10"]
[Round "8.4"]
[White "Ibarra Jerez,JC"]
[Black "Larino Nieto,D"]
[Result "1-0"]
[WhiteElo "2523"]
[BlackElo "2469"]

1.e4 e6 2.d4 d5 3.Nc3 Nf6 4.e5 Nfd7 5.Nf3 c5 6.dxc5 Nc6 7.Bf4 Bxc5 8.Bd3 f6
9.exf6 Qxf6 10.Bg3 O-O 11.O-O a6 12.Qe2 Nd4 13.Nxd4 Bxd4 14.Rae1 Nc5 15.Bd6 Rd8
16.Nxd5 Qg5 17.Ne7+ Kh8 18.h4  1-0

[Event "FSGM May 2012"]
[Site "Budapest HUN"]
[Date "2012.05.11"]
[Round "7"]
[White "Battey,A"]
[Black "Horvath,Dav"]
[Result "1-0"]
[WhiteElo "2403"]
[BlackElo "2420"]

1.e4 e6 2.d4 d5 3.Nc3 Nf6 4.e5 Nfd7 5.f4 c5 6.Nf3 Nc6 7.Be3 Qb6 8.Na4 Qa5+
9.c3 c4 10.b4 Qc7 11.Be2 Be7 12.O-O O-O 13.Qe1 b5 14.Nc5 a5 15.a3 Nxc5 16.bxc5 Bd7
17.Qd2 f6 18.Rab1 Rab8 19.exf6 Rxf6 20.Ne5 Be8 21.Bg4 Nxe5 22.fxe5 Rxf1+
23.Rxf1 Qc6 24.Bg5 Bf8 25.Qf2 Bg6 26.h4 h5 27.Bh3 Qe8 28.Qf4 Qd7 29.Rf3 Re8
30.g4 Be4 31.Rf2 hxg4 32.Bxg4 g6 33.h5 b4 34.c6 Qg7 35.h6 Qa7 36.Bxe6+ Kh8
37.Qxf8+  1-0

[Event "30th Liechtenstein Open 2012"]
[Site "Triesen LIE"]
[Date "2012.05.13"]
[Round "3.27"]
[White "Schnegg,A"]
[Black "Leemann,Juerg"]
[Result "1-0"]
[WhiteElo "2084"]
[BlackElo "1902"]

1.e4 e6 2.d4 d5 3.Nc3 Nf6 4.e5 Nfd7 5.f4 c5 6.Nf3 Nc6 7.Be3 a6 8.a3 Be7 9.Be2 O-O
10.O-O cxd4 11.Nxd4 Nxd4 12.Bxd4 f6 13.exf6 Bxf6 14.Bf3 Bxd4+ 15.Qxd4 Qf6
16.Qxf6 Rxf6 17.Rae1 Nf8 18.g3 Bd7 19.Rf2 Rd8 20.Kg2 Bc8 21.Bg4 b5 22.Ne2 e5
23.Bxc8 Rxc8 24.Nc3 exf4 25.Nxd5 f3+ 26.Kg1 Rf7 27.Ne7+  1-0

[Event "FSGM May 2012"]
[Site "Budapest HUN"]
[Date "2012.05.14"]
[Round "10"]
[White "Bagi,M"]
[Black "Battey,A"]
[Result "0-1"]
[WhiteElo "2335"]
[BlackElo "2403"]

1.e4 e6 2.d4 d5 3.Nc3 Nf6 4.e5 Nfd7 5.f4 c5 6.Nf3 Nc6 7.Be3 Be7 8.Qd2 O-O
9.Be2 b6 10.O-O Bb7 11.Bb5 cxd4 12.Nxd4 Nxd4 13.Bxd4 Nc5 14.Bd3 f5 15.exf6 Bxf6
16.Qe3 Bxd4 17.Qxd4 Qf6 18.Ne2 Rac8 19.Rac1 Qxd4+ 20.Nxd4 Rf6 21.g3 h6 22.h4 Rcf8
23.Rfe1 Ne4 24.Bxe4 dxe4 25.Re3 g5 26.hxg5 hxg5 27.fxg5 Rg6 28.Rf1 Rd8 29.Ne2 Rxg5
30.Nc3 Rd4 31.Rd1 e5 32.Rf1 Kg7 33.Rf2 Bc6 34.a3 b5 35.b4 Rc4 36.Rd2 Rf5
37.Rf2 Rf3 38.Rfxf3 exf3 39.Nd1 Rxc2 40.Rxe5 Rc1 41.Re1 Ra1 42.Kf2 Ra2+ 43.Ke3 Rxa3+
44.Kd4 Ra1 45.Kc5 Rc1+ 46.Kd6 Be4 47.Rh1 f2 48.Rf1 Rxd1+ 49.Rxd1 Bg2  0-1